000 01689cam a22004574i 4500
003 PE-LiUPU
005 20250731173451.0
008 150616s1994 miua r 000 0 eng d
020 _a0310595509
035 _a(Sirsi) i9780310595502
040 _aPE-LiUPU
_bspa
_cPE-LiUPU
_erda
049 _aPRUA
082 0 4 _a225.61
_bG93
_221
100 1 _aGundry, Robert H.
_qRobert Horton,
_d1932-,
_eautor.
245 1 2 _aA Survey of the New Testament /
_cRobert H. Gundry.
264 1 _aGrand Rapids, M. :
_bZondervan Publishing House,
_c1994.
300 _a494 páginas :
_bilustraciones ;
_c23 centímetros
336 _atext
_2rdacontent
337 _aunmediated
_2rdamedia
338 _avolume
_2rdacarrier
505 0 _aPolitical, Cultural, and Religious Antecedents -- Literary and Historical Materials -- The Four Canonical Gospels and Acts -- The Epistles -- The Apocalypse.
526 _aSEG42
526 _aSEG41
526 _aSEG40
526 _aSEG39
526 _aP94
526 _aP87
526 _aP86
526 _aP85
526 _aP77
526 _aP76
526 _aP35
630 0 4 _aBiblia.
_pN.T.
_pEvangelios
_xComentarios.
910 _ajck
_bjvq
_cjck
942 _2ddc
_cBOOK
949 _a225.61 G93
_wDEWEY
_c1
_i39850
_d2016-10-10
_e2016-10-9
_lCCODEBUL1
_mBUL
_n1
_r0
_sY
_tBOOK
_u2015-6-16
_xTEOLOGIA
_zUNKNOWN
_0COMPRA
_o.STAFF. Colección General
994 _aC0
_bPEPRU
596 _a1
999 _a225.61 G93
_wDEWEY
_c57623
_i39850
_d57623
_e2016-10-9
_f2021-11-9
_g5
_lCCODEBUL1
_mBUL
_n1
_p31.19
_q3
_r0
_sY
_tBOOK
_u2015-6-16
_xTEOLOGIA
_PP35
_0COMPRA
_o.STAFF. Colección Teología
980 _81
_gALBERTO SANCHEZ Responsable de Automatización